Statistics for All FBS CFB teams in the state of Alabama

Click here to take the quiz!

General Stats

  • This quiz has been taken 10 times
  • The average score is 5 of 6

Answer Stats

HintAnswer% Correct
Crimson TideAlabama
100%
TigersAuburn
100%
JaguarsSouth Alabama
100%
BlazersUAB
80%
TrojansTroy
60%
GamecocksJacksonville St
40%

Score Distribution

Percentile by Number Answered

Percent of People with Each Score

Your Score History

You have not taken this quiz